| 000 | 00676nam a2200217 a 4500 | ||
|---|---|---|---|
| 999 |
_c2093 _d2093 |
||
| 001 | 2093 | ||
| 003 | BD-JhCC | ||
| 005 | 20171029175940.0 | ||
| 008 | 171029s1995 bg a|||| ||a| 000 0 ben d | ||
| 035 | _a(BD-JhCC)2093 | ||
| 040 |
_aBD-JhCC _dBD-JhCC |
||
| 041 | _aben | ||
| 082 |
_a778 _bISL 1995 |
||
| 100 | _aইসলাম, শরাফত | ||
| 245 |
_aমুখ ও মুখোশের ছেঁড়া পাতা / _cশরাফত ইসলাম |
||
| 260 |
_aঢাকা : _bবাংলাদেশ শিল্পকলা একাডেমী, _c1995. |
||
| 300 |
_a182 p. : _c22 cm. |
||
| 650 | _aMotion Picture | ||
| 942 |
_2ddc _cBK |
||